000 00500nam a22002057a 4500
003 UA-OsUOA
001 43465
007 ta
008 20090711b un ||||| |||| 00| 0 ukr d
090 _a929
942 _cBR
040 _aUA-OsUOA
_beng
_cUA-OsUOA
_dUA-OsUOA
245 _aJosyf Cardinal Slipyj 1892-1984 an Imitation of Christ
300 _a16 с.
955 _a4
041 _aeng
080 _a929
650 7 _a9 Географія. Біографії. Історія
_2UDC
999 _c441939
_d441939